| 000 | 00773cam a22001814a 4500 | ||
|---|---|---|---|
| 005 | 20250605164345.0 | ||
| 008 | 250528s ||||||||||||||||||||||||d | ||
| 035 | _a23804 | ||
| 040 |
_aGR-AtMCL _bgre _dGR-AtMCL _eAACR2 |
||
| 245 | 1 | _aWorking with Schizophrenic People/An Interpretative Phenomenological Analysis from the Aspect of Physiologists | |
| 260 | _c2017 | ||
| 300 | _a57 | ||
| 520 | _aAbstract, Introduction, Methodology, Design, Participants, Data Collection, Data Analysis, Reflexivity, Analysis, Discussion, References, Invitation to Participate, Consent Form, Interview Plan, Debriefing Sheet, Table of Themew, List of Themes and Quotes, Letter of Application. | ||
| 700 | 1 |
_aRevis Georgios _99333 |
|
| 942 | _cDS | ||
| 999 |
_c8738 _d8738 |
||